Ładuje się......
Early India and Pakistan : to Ashoka /
| 1. autor: | |
|---|---|
| Format: | Printed Book |
| Wydane: |
Bombay :
Treasure house of books,
1959.
|
| LEADER | 00412nam a22001097a 4500 | ||
|---|---|---|---|
| 082 | |a 320.934 |b WHE.E | ||
| 100 | |a Wheeler, Mortimer | ||
| 245 | |a Early India and Pakistan : |b to Ashoka / |c by Mortimer Wheeler | ||
| 260 | |a Bombay : |b Treasure house of books, |c 1959. | ||
| 942 | |c BK | ||
| 999 | |c 309537 |d 309537 | ||
| 952 | |0 0 |1 0 |4 0 |6 320_934000000000000_WHE_E |7 0 |8 NFIC |9 330882 |a POL |b POL |c GEN |d 2020-11-10 |o 320.934 WHE.E |p POL4517 |w 2020-11-10 |y BK | ||